World soils. (3rd ed.) (Record no. 83266)

MARC details
000 -LEADER
fixed length control field 00592nam a2200181 a 4500
008 - FIXED-LENGTH DATA ELEMENTS--GENERAL INFORMATION
fixed length control field 120416s1997 ||||||||||||||||| || u
020 ## - INTERNATIONAL STANDARD BOOK NUMBER
International Standard Book Number 0521497779
050 ## - LIBRARY OF CONGRESS CALL NUMBER
Classification number S 591 Bri
100 ## - MAIN ENTRY--PERSONAL NAME
Personal name Bridges, Edwin Michael
245 10 - TITLE STATEMENT
Title World soils. (3rd ed.)
250 ## - EDITION STATEMENT
Edition statement 3rd ed.
260 ## - PUBLICATION, DISTRIBUTION, ETC.
Place of publication, distribution, etc. Cambridge
Name of publisher, distributor, etc. Cambridge University Press
Date of publication, distribution, etc. 1997
300 ## - PHYSICAL DESCRIPTION
Extent vi, 170p. : ill.
350 ## -
-- 0.00
650 #0 - SUBJECT ADDED ENTRY--TOPICAL TERM
Topical term or geographic name entry element SOIL SCIENCE
650 ## - SUBJECT ADDED ENTRY--TOPICAL TERM
Topical term or geographic name entry element SOILS
995 ## -
-- BINDERY (DAMAGED)
-- 0.00
-- 734168
-- CBU-MAIN LIBRARY (Kitwe)
-- 1
-- 0.00
-- S 591 BRI
-- 3
-- DAMAGED
-- Apr 28, 2006
-- 46598
-- Main Library Open Access Collection
999 ## -
-- 83266
-- 83266
Holdings
Withdrawn status Lost status Source of classification or shelving scheme Damaged status Not for loan Permanent Location Current Location Shelving location Date acquired Total Checkouts Full call number Barcode Date last seen Copy number Price effective from Koha item type
          CBU-MAIN LIBRARY, KITWE. CBU-MAIN LIBRARY, KITWE.   10/25/2023   S 591 Bri 46598 10/25/2023 1 10/25/2023 MONOGRAPH